000 00615cam a2200133 4500500
005 20260111091250.0
041 _afre
042 _adc
245 0 0 _aGreisch J., L’arbre de vie et l’arbre du savoir. Le chemin phénoménologique de l’herméneutique heideggérienne (1919-1923), coll. Passages, Paris, Cerf, 2000, 24x15, 335 p., 195 FF. ISBN 2-204-06184-0
260 _c2005.
500 _a40
786 0 _nNouvelle revue théologique | 127 | 4 | 2005-12-15 | p. 666c-668c | 0029-4845
856 4 1 _uhttps://shs.cairn.info/revue-nouvelle-revue-theologique-2005-4-page-666c?lang=fr&redirect-ssocas=7080
999 _c1620768
_d1620768